Ιτσίγκο-Ιτσιέ : κάνε κάθε στιγμή κάτι μοναδικό
Αποθηκεύτηκε σε:
| Κύριος συγγραφέας: | |
|---|---|
| Άλλοι συγγραφείς: | |
| Μορφή: | Βιβλίο |
| Γλώσσα: | Greek Spanish |
| Δημοσίευση: |
Αθήνα :
Πατάκη,
c2018.
|
| Σειρά: | Λογοτεχνικά δοκίμια (Εκδόσεις Πατάκη)
|
| Θέματα: | |
| Ετικέτες: |
Προσθήκη ετικέτας
Δεν υπάρχουν, Καταχωρήστε ετικέτα πρώτοι!
|
MARC
| LEADER | 00000cam a2200000 a 4500 | ||
|---|---|---|---|
| 001 | 1/122937 | ||
| 008 | 210518s2018####gr | ||| |||| ||gre|| | ||
| 020 | |a 9789601683706 | ||
| 040 | |a GR-MyUa |b gre |c GR-MyUa |e AACR2 | ||
| 041 | 1 | |a gre |h spa | |
| 082 | 7 | |a 158.1 |2 (23) | |
| 100 | 1 | |a Garcia, Hector, |d 1981- | |
| 245 | 1 | 0 | |a Ιτσίγκο-Ιτσιέ : |b κάνε κάθε στιγμή κάτι μοναδικό / |c Έκτορ Γκαρθία (Κιράι), Φράνσεσκ Μιράλλιες ; μετάφραση Τιτίνα Σπερέλάκη. |
| 260 | |a Αθήνα : |b Πατάκη, |c c2018. | ||
| 300 | |a 200 σ. ; |c 21 εκ. | ||
| 490 | 1 | |a (Λογοτεχνικά δοκίμια / Εκδόσεις Πατάκη) | |
| 500 | |a Τίτλος πρωτοτύπου: Haz de cada instante algo unico. | ||
| 504 | |a Βιβλιογραφία: σ. 199-200. | ||
| 650 | 0 | |a Mindfulness (Psychology) | |
| 650 | 0 | |a Quality of life. | |
| 650 | 0 | |a Conduct of life. | |
| 650 | 0 | |a Happiness. | |
| 700 | 1 | |a Miralles, Francesc, |d 1968- | |
| 830 | 0 | |a Λογοτεχνικά δοκίμια (Εκδόσεις Πατάκη) | |
| 852 | |a INST |b SYROS |e 20210517 |h 158.1 GAR |p 005500014239 |q 005500014239 |t BK |y 0 | ||
| 970 | |a Κοντού |b Παρασκευή |z 18/05/2021 | ||